[Event "NATO-ch 33rd"]
[Site "Portoroz"]
[Date "2023.09.07"]
[Round "6"]
[White "Keough, Robert W"]
[Black "Pazeriene, Diana"]
[Result "0-1"]
[WhiteElo "2067"]
[BlackElo "1955"]
[PlyCount "148"]
[EventDate "2023.09.04"]
[EventType "swiss"]
[EventRounds "7"]
[EventCountry "SLO"]
[SourceTitle "EXT 2024"]
[Source "ChessBase"]
[SourceDate "2023.10.10"]
[SourceVersion "1"]
[SourceVersionDate "2023.10.10"]
[SourceQuality "1"]

1. e4 c6 2. Nf3 d5 3. exd5 cxd5 4. Ne5 Nf6 5. d4 Nc6 6. c3 e6 7. Bd3 Nxe5 8. dxe5 Nd7 9. Qe2 Qc7 10. f4 b6 11. 0-0 Bb7 12. Nd2 h5 13. Nf3 g6 14. Ng5 Nc5 15. Bc2 Be7 16. b4 Bxg5 17. bxc5 Be7 18. Ba4+ Bc6 19. cxb6 axb6 20. Bxc6+ Qxc6 21. Be3 Ra4 22. Bd4 Bc5 23. Qb2 0-0 24. Rf3 Rfa8 25. Kf2 Rc4 26. Kg3 Raa4 27. Rb1 Ra6 28. Kh4 Bxd4 29. cxd4 Rc2 30. Qb4 Rxg2 31. Rg3 Qc2 32. Qe7 Rxg3 33. hxg3 Qh2+ 34. Kg5 Qxg3+ 35. Kh6 Qxf4+ 36. Qg5 Qxg5+ 37. Kxg5 Kg7 38. Rb2 Ra4 39. Rd2 b5 40. Kh4 b4 41. Kg5 Ra3 42. Rb2 Rg3+ 43. Kh4 Rg4+ 44. Kh3 Rxd4 45. Kg3 g5 46. Kf3 Rd3+ 47. Ke2 Ra3 48. Rxb4 Rxa2+ 49. Kf3 Ra3+ 50. Kf2 Kg6 51. Rb7 h4 52. Rb8 g4 53. Rg8+ Kf5 54. Rg7 Ra2+ 55. Ke3 Ra3+ 56. Kf2 g3+ 57. Kg2 Ra2+ 58. Kf3 Kxe5 59. Kg4 Rh2 60. Kf3 f5 61. Rg6 Rf2+ 62. Ke3 d4+ 63. Kd3 Rf3+ 64. Ke2 Re3+ 65. Kf1 h3 66. Rh6 g2+ 67. Kf2 f4 68. Rg6 d3 69. Rg8 Ke4 70. Rg6 e5 71. Rg5 Rg3 72. Rxg3 fxg3+ 73. Kg1 h2+ 74. Kxg2 d2 0-1

[Event "NATO-ch 33rd"]
[Site "Portoroz"]
[Date "2023.09.05"]
[Round "3"]
[White "Lami, Damiano"]
[Black "Pazeriene, Diana"]
[Result "1-0"]
[WhiteElo "2128"]
[BlackElo "1955"]
[PlyCount "87"]
[EventDate "2023.09.04"]
[EventType "swiss"]
[EventRounds "7"]
[EventCountry "SLO"]
[SourceTitle "EXT 2024"]
[Source "ChessBase"]
[SourceDate "2023.10.10"]
[SourceVersion "1"]
[SourceVersionDate "2023.10.10"]
[SourceQuality "1"]

1. e4 c6 2. d4 d5 3. Nd2 dxe4 4. Nxe4 Nd7 5. Nf3 Ngf6 6. Nxf6+ Nxf6 7. c3 Bg4 8. Be2 e6 9. h3 Bh5 10. Bf4 Qb6 11. Qb3 Be7 12. 0-0 0-0 13. Rfe1 Rac8 14. g4 Bg6 15. Ne5 Qxb3 16. axb3 a6 17. b4 Nd5 18. Bg3 Nb6 19. b5 axb5 20. Ra7 Bf6 21. Rxb7 Bxe5 22. Rxb6 Bxg3 23. fxg3 Rc7 24. Bf3 Rfc8 25. Re5 Bd3 26. Rc5 g6 27. Rcxc6 Rxc6 28. Bxc6 b4 29. cxb4 Rd8 30. b5 Rxd4 31. Rb8+ Kg7 32. Rb7 Be4 33. Rd7 Rb4 34. Bxe4 Rxe4 35. b6 Rb4 36. b7 Rxb2 37. g5 e5 38. Kf1 e4 39. h4 h6 40. Ke1 hxg5 41. hxg5 e3 42. Rc7 Rb1+ 43. Ke2 Rb3 44. Rd7 1-0

[Event "NATO-ch 33rd"]
[Site "Portoroz"]
[Date "2023.09.05"]
[Round "2"]
[White "Pazeriene, Diana"]
[Black "Bohn, Ulrich"]
[Result "1/2-1/2"]
[WhiteElo "1955"]
[BlackElo "2161"]
[PlyCount "56"]
[EventDate "2023.09.04"]
[EventType "swiss"]
[EventRounds "7"]
[EventCountry "SLO"]
[SourceTitle "EXT 2024"]
[Source "ChessBase"]
[SourceDate "2023.10.10"]
[SourceVersion "1"]
[SourceVersionDate "2023.10.10"]
[SourceQuality "1"]

1. d4 Nf6 2. Nf3 c5 3. c4 cxd4 4. Nxd4 e5 5. Nb5 d5 6. cxd5 Bc5 7. e3 0-0 8. Be2 e4 9. 0-0 Nxd5 10. N1c3 Nxc3 11. Nxc3 Bf5 12. a3 Qg5 13. Qd5 Bb6 14. Nxe4 Qg6 15. Ng3 Bd7 16. b4 Qf6 17. Rb1 Bc6 18. Qh5 Qg6 19. Bb2 Ba4 20. Bf3 Nc6 21. Qh3 Rfe8 22. Nh5 Ne5 23. Nf4 Qg5 24. Rbc1 Nxf3+ 25. Qxf3 Bc6 26. Qg3 Qxg3 27. hxg3 Rad8 28. Bc3 Ba4 1/2-1/2

[Event "NATO-ch 32nd"]
[Site "Tartu"]
[Date "2022.06.30"]
[Round "5"]
[White "Sauer, Marko"]
[Black "Pazeriene, Diana"]
[Result "0-1"]
[WhiteElo "2065"]
[BlackElo "1930"]
[PlyCount "84"]
[EventDate "2022.06.27"]
[EventType "swiss"]
[EventRounds "7"]
[EventCountry "EST"]
[SourceTitle "CBM 209 Extra"]
[Source "ChessBase"]
[SourceDate "2022.09.30"]
[SourceVersion "1"]
[SourceVersionDate "2022.09.30"]
[SourceQuality "1"]

1. e4 c6 2. d4 d5 3. Nc3 dxe4 4. Nxe4 Bf5 5. Ng3 Bg6 6. h4 h6 7. h5 Bh7 8. Nf3 e6 9. Bd3 Bxd3 10. Qxd3 Nf6 11. Bd2 Nbd7 12. c4 Bd6 13. Ne4 Nxe4 14. Qxe4 Nf6 15. Qc2 Qc7 16. Bc3 b5 17. c5 Bf4 18. g3 Bg5 19. a4 a5 20. axb5 cxb5 21. Ne5 Nd5 22. Qe2 Qb7 23. 0-0 b4 24. Bd2 Bxd2 25. Qxd2 0-0 26. Ra4 Qc7 27. Rfa1 Ne7 28. Nc4 Nc6 29. d5 exd5 30. Qxd5 Rad8 31. Nd6 Rfe8 32. Nxe8 Rxe8 33. Qd6 Qc8 34. Rc1 Rd8 35. Qf4 Nd4 36. Re1 Qc6 37. Raa1 Nf3+ 38. Kf1 Nxe1 39. Rxe1 Qh1+ 40. Ke2 Re8+ 41. Qe3 Rxe3+ 42. fxe3 Qxh5+ 0-1

[Event "NATO-ch 31st"]
[Site "Blankenberge"]
[Date "2021.10.12"]
[Round "3.14"]
[White "Pavlidis, Anastasios"]
[Black "Pazeriene, Diana"]
[Result "1-0"]
[WhiteElo "2343"]
[BlackElo "1953"]
[PlyCount "71"]
[EventDate "2021.10.11"]
[EventType "team-swiss"]
[EventRounds "7"]
[EventCountry "BEL"]
[SourceTitle "CBM 204 Extra"]
[Source "ChessBase"]
[SourceDate "2021.11.30"]
[SourceVersion "1"]
[SourceVersionDate "2021.11.30"]
[SourceQuality "1"]
[WhiteTeam "Greece"]
[BlackTeam "Lithuania"]
[WhiteTeamCountry "GRE"]
[BlackTeamCountry "LTU"]

1. d4 d5 2. c4 c6 3. Nf3 Nf6 4. e3 e6 5. Bd3 dxc4 6. Bxc4 b5 7. Bd3 Bb7 8. e4 a6 9. a4 Nbd7 10. 0-0 Be7 11. Bg5 h6 12. Bh4 Qb6 13. Nbd2 c5 14. a5 Qa7 15. d5 exd5 16. e5 Ne4 17. Bxe7 Kxe7 18. Nxe4 dxe4 19. Bxb5 axb5 20. Qd6+ Kd8 21. e6 fxe6 22. Ne5 Bd5 23. Nf7+ Kc8 24. Nxh8 Qc7 25. Nf7 Qxd6 26. Nxd6+ Kd8 27. Rfe1 Nf6 28. Nxb5 Rb8 29. Nc3 Rxb2 30. Nxd5 exd5 31. Reb1 Rc2 32. a6 Ne8 33. a7 Nc7 34. Rb8+ Kd7 35. Rb7 Kc6 36. Rxc7+ 1-0

[Event "LTU-chT (Women)"]
[Site "Lithuania"]
[Date "2018.04.14"]
[Round "4.2"]
[White "Gailiunaite, Saule"]
[Black "Pazeriene, Diana"]
[Result "1-0"]
[WhiteElo "1876"]
[BlackElo "1995"]
[PlyCount "61"]
[EventDate "2018.03.24"]
[EventType "team-tourn"]
[EventRounds "5"]
[EventCountry "LTU"]
[SourceTitle "EXT 2019"]
[Source "ChessBase"]
[SourceDate "2018.10.10"]
[SourceVersion "1"]
[SourceVersionDate "2018.10.10"]
[SourceQuality "1"]
[WhiteTeam "Kaunas Margiris (W)"]
[BlackTeam "Kaunas Margiris (W) II"]
[WhiteTeamCountry "LTU"]
[BlackTeamCountry "LTU"]

1. d4 Nf6 2. c4 c6 3. Nc3 d5 4. Nf3 g6 5. e3 Bg7 6. Bd3 0-0 7. Qc2 Nbd7 8. 0-0 a6 9. b4 dxc4 10. Bxc4 e5 11. Bb2 exd4 12. Nxd4 Ne5 13. Be2 Re8 14. h3 Qe7 15. a3 a5 16. Qb3 g5 17. Na4 Nd5 18. b5 Bd7 19. Rac1 cxb5 20. Bxb5 Bxb5 21. Nxb5 Rad8 22. Rfd1 Nf6 23. Rxd8 Qxd8 24. Rd1 Qe7 25. Nd6 Rd8 26. Bxe5 Qxe5 27. Qxf7+ Kh8 28. Qc7 Rxd6 29. Qxd6 Qb5 30. Nc5 Qb2 31. Ne6 1-0

[Event "NATO-ch 24th"]
[Site "Rynia"]
[Date "2013.08.14"]
[Round "5"]
[White "Pazeriene, Diana"]
[Black "Ranario, Daniel"]
[Result "0-1"]
[WhiteElo "2025"]
[BlackElo "2062"]
[PlyCount "116"]
[EventDate "2013.08.12"]
[EventType "swiss"]
[EventRounds "7"]
[EventCountry "POL"]
[SourceTitle "CBM 156 Extra"]
[Source "ChessBase"]
[SourceDate "2013.10.22"]
[SourceVersion "1"]
[SourceVersionDate "2013.10.22"]
[SourceQuality "1"]

1. d4 Nf6 2. c4 e6 3. Nf3 b6 4. a3 Bb7 5. Nc3 d5 6. Bg5 Be7 7. e3 Nbd7 8. Bd3 h6 9. Bh4 0-0 10. 0-0 c5 11. Rc1 cxd4 12. exd4 dxc4 13. Bxc4 Ne4 14. Bxe7 Qxe7 15. Nxe4 Bxe4 16. Re1 Bxf3 17. Qxf3 Qd6 18. Qe4 Nf6 19. Qh4 Rfd8 20. Rcd1 Rac8 21. Bb3 a5 22. Rd2 b5 23. Red1 a4 24. Bc2 b4 25. Bxa4 bxa3 26. bxa3 Qxa3 27. Bb5 Rc1 28. h3 Qb4 29. Rxc1 Qxd2 30. Rc4 Qa2 31. Kh2 Qb3 32. Rc5 Qb4 33. Qf4 Qxd4 34. Qxd4 Rxd4 35. Rc8+ Kh7 36. Rc7 Kg6 37. Rc3 h5 38. Bd3+ Kh6 39. g3 g6 40. Kg2 Kg7 41. Be2 h4 42. Kf3 hxg3 43. fxg3 Nd5 44. Rc8 Ra4 45. Rc4 Ra3+ 46. Kf2 g5 47. h4 gxh4 48. Rxh4 f5 49. Rd4 Nf6 50. Bf3 e5 51. Rb4 e4 52. Be2 Kg6 53. Rb5 Kg5 54. Re5 Ng4+ 55. Bxg4 Kxg4 56. Re8 Rf3+ 57. Ke2 Kxg3 58. Rh8 Ra3 0-1

[Event "LTU-chT (Women)"]
[Site "Lithuania"]
[Date "2013.02.09"]
[Round "3"]
[White "Klepeckaite, Radvile"]
[Black "Pazeriene, Diana"]
[Result "1-0"]
[WhiteElo "1648"]
[BlackElo "2042"]
[PlyCount "97"]
[EventDate "2013.01.19"]
[EventType "team-tourn"]
[EventRounds "7"]
[EventCountry "LTU"]
[SourceTitle "CBM 152 Extra"]
[Source "ChessBase"]
[SourceDate "2013.02.25"]
[SourceVersion "1"]
[SourceVersionDate "2013.02.25"]
[SourceQuality "1"]

1. d4 Nf6 2. c4 c6 3. Nf3 d5 4. Nc3 e6 5. e3 Nbd7 6. Qc2 Bd6 7. e4 dxe4 8. Nxe4 Nxe4 9. Qxe4 Bb4+ 10. Bd2 Bxd2+ 11. Nxd2 0-0 12. Bd3 f5 13. Qxe6+ Kh8 14. Qd6 Rf6 15. Qg3 Nf8 16. Nb3 a5 17. a4 Qe7+ 18. Be2 Re6 19. Nc1 Re4 20. Qc3 Bd7 21. 0-0 Rxe2 22. Nxe2 Qxe2 23. Rfe1 Qg4 24. Re3 Ne6 25. Qb3 Nf4 26. g3 Nh3+ 27. Kg2 f4 28. Qxb7 Rf8 29. Rf3 Re8 30. b4 fxg3 31. hxg3 Qxd4 32. Re1 Rg8 33. Rf7 Bg4 34. Qxc6 axb4 35. Re8 h5 36. Rxg8+ Kxg8 37. Qe8+ Kh7 38. Rf8 Kh6 39. Rh8+ Kg5 40. f4+ Nxf4+ 41. gxf4+ Qxf4 42. Qe7+ Kg6 43. Qe8+ Kg5 44. Qd8+ Kg6 45. Qd3+ Kf7 46. c5 b3 47. Qxb3+ Kg6 48. Qd3+ Kg5 49. Qd8+ 1-0

[Event "LTU-chT (Women)"]
[Site "Lithuania"]
[Date "2013.02.09"]
[Round "4"]
[White "Pazeriene, Diana"]
[Black "Maciuityte, Greta"]
[Result "1-0"]
[WhiteElo "2042"]
[BlackElo "1614"]
[PlyCount "119"]
[EventDate "2013.01.19"]
[EventType "team-tourn"]
[EventRounds "7"]
[EventCountry "LTU"]
[SourceTitle "CBM 152 Extra"]
[Source "ChessBase"]
[SourceDate "2013.02.25"]
[SourceVersion "1"]
[SourceVersionDate "2013.02.25"]
[SourceQuality "1"]

1. d4 Nf6 2. Nf3 d5 3. c4 e6 4. Nc3 Bd7 5. cxd5 exd5 6. Qb3 Bc6 7. Bg5 Be7 8. e3 Nbd7 9. Bb5 Bxb5 10. Qxb5 Rb8 11. Qa5 a6 12. 0-0 Nb6 13. Ne5 0-0 14. Rac1 h6 15. Bh4 Nfd7 16. Bxe7 Qxe7 17. Nxd5 Nxd5 18. Qxd5 Nf6 19. Qc4 c6 20. Ng6 Qc7 21. Nxf8 Rxf8 22. h3 Ne4 23. Qc2 Qe7 24. Rfd1 Rd8 25. f3 Ng5 26. Qf2 Qe6 27. b3 Qg6 28. Qg3 Re8 29. h4 Ne6 30. Qxg6 fxg6 31. Kf2 g5 32. hxg5 Nxg5 33. d5 cxd5 34. Rxd5 Rf8 35. Ke2 Re8 36. Rd7 Ne6 37. Kf2 b5 38. Rc6 a5 39. Ra7 a4 40. bxa4 bxa4 41. Rxa4 Ng5 42. Ra7 Rb8 43. Rcc7 Ne6 44. Re7 Rb2+ 45. Kg3 Rb6 46. a4 Kh7 47. a5 Rc6 48. Rab7 Nc5 49. Rxg7+ Kh8 50. Rh7+ Kg8 51. Rbg7+ Kf8 52. Rc7 Rg6+ 53. Kh2 Kg8 54. Rhe7 Kf8 55. Ra7 Ne6 56. Reb7 Nd8 57. Rb8 Ke8 58. Raa8 Rd6 59. a6 Ke7 60. Rxd8 1-0

[Event "LTU-chT (Women)"]
[Site "Lithuania"]
[Date "2013.01.20"]
[Round "2"]
[White "Pazeriene, Diana"]
[Black "Lepeskaite, Migle"]
[Result "0-1"]
[WhiteElo "2042"]
[BlackElo "1802"]
[PlyCount "119"]
[EventDate "2013.01.19"]
[EventType "team-tourn"]
[EventRounds "7"]
[EventCountry "LTU"]
[SourceTitle "CBM 152 Extra"]
[Source "ChessBase"]
[SourceDate "2013.02.25"]
[SourceVersion "1"]
[SourceVersionDate "2013.02.25"]
[SourceQuality "1"]

1. d4 d5 2. Nf3 Nf6 3. c4 e6 4. Nc3 Be7 5. g3 0-0 6. Bg2 c6 7. 0-0 Nbd7 8. Bg5 b6 9. Qb3 Ba6 10. Nd2 Rc8 11. Qa4 Nb8 12. cxd5 cxd5 13. Rfd1 Re8 14. Bf4 Qd7 15. Qxd7 Nbxd7 16. Rac1 b5 17. e4 b4 18. Ncb1 dxe4 19. Nxe4 Nxe4 20. Bxe4 Nf6 21. Bf3 Nd5 22. Be3 Bc4 23. b3 Bb5 24. Bxd5 exd5 25. Rxc8 Rxc8 26. Rc1 Rxc1+ 27. Bxc1 Bd3 28. Nd2 Bf6 29. Bb2 Kf8 30. f3 Ke7 31. Kf2 Ke6 32. Ke3 Bc2 33. f4 Kf5 34. Nf3 Bb1 35. a3 a5 36. axb4 axb4 37. Ne5 Bxe5 38. dxe5 Bc2 39. Bc1 Bxb3 40. Bd2 Kg4 41. Bxb4 Kh3 42. f5 Kxh2 43. e6 fxe6 44. fxe6 Kxg3 45. Bf8 g5 46. e7 Ba4 47. Bh6 g4 48. Kd4 Kf3 49. Kxd5 g3 50. Kd4 g2 51. Be3 h5 52. Bg1 Ke2 53. Ke4 Kf1 54. Bh2 g1Q 55. Bxg1 Kxg1 56. Kf4 Be8 57. Kg3 Bf7 58. Kh3 Kf2 59. Kh2 Kf3 60. Kh3 0-1

[Event "NATO-ch 23nd"]
[Site "Brest"]
[Date "2012.10.04"]
[Round "6"]
[White "Cohnen, Michael"]
[Black "Pazeriene, Diana"]
[Result "1/2-1/2"]
[WhiteElo "1809"]
[BlackElo "2030"]
[PlyCount "67"]
[EventDate "2012.10.01"]
[EventType "swiss"]
[EventRounds "7"]
[EventCountry "FRA"]
[SourceTitle "CBM 150 Extra"]
[Source "ChessBase"]
[SourceDate "2012.10.19"]
[SourceVersion "1"]
[SourceVersionDate "2012.10.19"]
[SourceQuality "1"]

1. d4 Nf6 2. c4 c6 3. Nc3 d5 4. Nf3 dxc4 5. a4 Bf5 6. e3 e6 7. Bxc4 Be7 8. 0-0 0-0 9. Qe2 Bg4 10. h3 Bh5 11. Rd1 Nbd7 12. e4 a6 13. e5 Nd5 14. Nxd5 cxd5 15. Bd3 Bg6 16. Bxg6 hxg6 17. Bd2 Rc8 18. Rdc1 Qb6 19. Rxc8 Rxc8 20. Bc3 Qb3 21. Qd3 Qc4 22. Qd2 Nb6 23. Qd1 Qc6 24. a5 Na8 25. Rc1 Qd7 26. Bd2 Rxc1 27. Qxc1 Nc7 28. Qc2 Nb5 29. Kf1 Kf8 30. h4 Qc7 31. Qxc7 Nxc7 32. Ke2 Ke8 33. Kd3 Nb5 34. g3 1/2-1/2

[Event "LTU-chT (Women)"]
[Site "Lithuania"]
[Date "2012.02.11"]
[Round "3"]
[White "Klepeckaite, Radvile"]
[Black "Pazeriene, Diana"]
[Result "0-1"]
[WhiteElo "1596"]
[BlackElo "2031"]
[PlyCount "80"]
[EventDate "2012.01.21"]
[EventType "team-tourn"]
[EventRounds "5"]
[EventCountry "LTU"]
[SourceTitle "EXT 2013"]
[Source "ChessBase"]
[SourceDate "2012.11.22"]
[SourceVersion "1"]
[SourceVersionDate "2012.11.22"]
[SourceQuality "1"]

1. d4 c6 2. Nf3 Nf6 3. c4 d5 4. Nc3 dxc4 5. a4 Bf5 6. e3 Bd3 7. Bxd3 cxd3 8. Qxd3 e6 9. 0-0 Be7 10. Bd2 0-0 11. Rfc1 Na6 12. Na2 Qb6 13. Rab1 Nb4 14. Nxb4 Bxb4 15. Bxb4 Qxb4 16. Rc4 Qd6 17. Rbc1 Rfd8 18. Qc2 a5 19. e4 Qe7 20. Rc5 Ra6 21. Rg5 h6 22. Rg3 Rb6 23. e5 Ne8 24. Qd2 Kh7 25. Rh3 f5 26. exf6 Qxf6 27. g4 Rd5 28. g5 Qf5 29. Kg2 Nd6 30. gxh6 g5 31. Ne1 Ne4 32. Qe2 Rxd4 33. Rc2 g4 34. Re3 Qd5 35. Kg1 Ng5 36. f3 Rd1 37. fxg4 Rb4 38. h4 Rxe1+ 39. Qxe1 Rxg4+ 40. Rg3 Nf3+ 0-1

[Event "NATO-ch 22nd"]
[Site "Kaunas"]
[Date "2011.08.08"]
[Round "1"]
[White "Erturan, Yakup"]
[Black "Pazeriene, Diana"]
[Result "1-0"]
[WhiteElo "2342"]
[BlackElo "2037"]
[PlyCount "121"]
[EventDate "2011.08.08"]
[EventType "swiss"]
[EventRounds "7"]
[EventCountry "LTU"]
[SourceTitle "CBM 143 Extra"]
[Source "ChessBase"]
[SourceDate "2011.08.29"]
[SourceVersion "1"]
[SourceVersionDate "2011.08.29"]
[SourceQuality "1"]

1. e4 c6 2. d4 d5 3. e5 Bf5 4. Nf3 e6 5. Be2 c5 6. 0-0 Nc6 7. Be3 Qb6 8. Nc3 Rc8 9. Na4 Qc7 10. Nxc5 Bxc5 11. dxc5 Nge7 12. c3 Nxe5 13. Nxe5 Qxe5 14. Bd4 Qf4 15. g3 Qc7 16. Bxg7 Rg8 17. Bb5+ Kd8 18. Bd4 Bg4 19. Be2 Bh3 20. Re1 Nf5 21. Bf3 h5 22. Bf6+ Ke8 23. Qxd5 h4 24. Be5 Qxc5 25. Qxc5 Rxc5 26. Bxb7 Ke7 27. Bg2 Bxg2 28. Kxg2 f6 29. Bf4 e5 30. Be3 Nxe3+ 31. Rxe3 Rd5 32. Rae1 hxg3 33. hxg3 Rc8 34. R3e2 Ke6 35. Rc2 a5 36. c4 Rd4 37. b3 Kd6 38. Rh1 Kc5 39. Rh7 Kb6 40. Rf7 Rc6 41. Kf3 a4 42. bxa4 Kc5 43. Rb7 Rb6 44. Rxb6 Kxb6 45. a5+ Kc5 46. Ke3 f5 47. Rc3 f4+ 48. gxf4 exf4+ 49. Kf3 Rd2 50. a3 Kd4 51. Rc1 Kc5 52. a6 Rd3+ 53. Kxf4 Rxa3 54. Ke5 Rxa6 55. f4 Ra8 56. f5 Re8+ 57. Kf6 Rf8+ 58. Ke6 Re8+ 59. Kf7 Re4 60. f6 Rf4 61. Ke7 1-0

[Event "LTU-chT2"]
[Site "Lithuania"]
[Date "2009.12.06"]
[Round "4.15"]
[White "Navickaite, Sandra"]
[Black "Pazeriene, Diana"]
[Result "1/2-1/2"]
[WhiteElo "1701"]
[BlackElo "2050"]
[PlyCount "161"]
[EventDate "2009.11.07"]
[EventType "team-tourn"]
[EventRounds "9"]
[EventCountry "LTU"]
[SourceTitle "EXT 2022"]
[Source "ChessBase"]
[SourceDate "2021.10.06"]
[SourceVersion "1"]
[SourceVersionDate "2021.10.06"]
[SourceQuality "1"]

1. d4 d5 2. c4 c6 3. cxd5 cxd5 4. Nc3 Nc6 5. Nf3 Nf6 6. Bf4 Qb6 7. Na4 Qb4+ 8. Bd2 Qd6 9. e3 Ne4 10. Nc3 Bg4 11. Be2 Nxd2 12. Nxd2 Bxe2 13. Qxe2 e6 14. 0-0 Be7 15. Nf3 0-0 16. Rac1 Rfc8 17. Rfd1 Qb4 18. Qb5 Qxb5 19. Nxb5 a6 20. Nc3 Na5 21. b3 Ba3 22. Rc2 Rc7 23. Nd2 Rac8 24. Ndb1 Bd6 25. Rcc1 g6 26. Ne2 Nc6 27. h3 Kg7 28. g3 h5 29. Kg2 Kf6 30. g4 hxg4 31. hxg4 Ke7 32. f4 Kd7 33. Rh1 Nb4 34. Rxc7+ Rxc7 35. Nbc3 Nc2 36. Kf3 Bb4 37. Rc1 Na3 38. Nd1 Nc2 39. Ndc3 Na3 40. Nd1 Rxc1 41. Nxc1 Nb1 42. Nd3 Bd6 43. Ke2 Kc6 44. g5 Kd7 45. N3f2 Na3 46. Kd3 Bc7 47. Nc3 Ba5 48. Nfd1 Kc6 49. Nf2 Bxc3 50. Kxc3 Nb5+ 51. Kd3 Nd6 52. Ng4 Kb5 53. a3 a5 54. Ne5 a4 55. b4 Kb6 56. Kc3 Kc7 57. b5 Nxb5+ 58. Kb4 Nd6 59. Kxa4 b6 60. Kb4 Kd8 61. a4 Ke7 62. Ng4 Kd7 63. Ne5+ Kc7 64. Ng4 Kb7 65. Ne5 Ka6 66. Kb3 Ka7 67. Kb4 Kb7 68. Kb3 Kc7 69. Kb4 Kb7 70. Kb3 Ka7 71. Kb4 Ka6 72. Kb3 b5 73. Kb4 bxa4 74. Kxa4 Kb6 75. Kb4 Kc7 76. Kb3 Kd8 77. Kb4 Ke7 78. Kc5 Nf5 79. Ng4 Ng3 80. Nf6 Nf5 81. Ng4 1/2-1/2

[Event "LTU-chT1 4th 0809 pre group A"]
[Site "Lithuania"]
[Date "2009.01.11"]
[Round "5.5"]
[White "Januseviciute, Donata"]
[Black "Pazeriene, Diana"]
[Result "0-1"]
[WhiteElo "1798"]
[BlackElo "2055"]
[PlyCount "90"]
[EventDate "2008.11.08"]
[EventType "team-tourn"]
[EventRounds "5"]
[EventCountry "LTU"]
[SourceTitle "EXT 2024"]
[Source "ChessBase"]
[SourceDate "2023.10.10"]
[SourceVersion "1"]
[SourceVersionDate "2023.10.10"]
[SourceQuality "1"]
[WhiteTeam "Kretinga Akmena"]
[BlackTeam "Kaunas AG"]
[WhiteTeamCountry "LTU"]
[BlackTeamCountry "LTU"]

1. d4 Nf6 2. c4 g6 3. Nc3 d5 4. cxd5 Nxd5 5. e4 Nxc3 6. bxc3 Bg7 7. Be3 c5 8. Bc4 0-0 9. Ne2 Qc7 10. d5 Rd8 11. Qb3 Kh8 12. 0-0 Nd7 13. Rab1 Nb6 14. a4 Nxc4 15. Qxc4 b6 16. Rfc1 f5 17. f3 fxe4 18. fxe4 Bg4 19. Bf4 Bxe2 20. Bxc7 Bxc4 21. Bxd8 Rxd8 22. a5 b5 23. a6 Rf8 24. g3 Be5 25. Ra1 Rf3 26. Ra3 Re3 27. Kf2 Rxe4 28. Rd1 Re2+ 29. Kg1 Kg7 30. Rb1 Rd2 31. Re1 Bd6 32. Re3 Bxd5 33. Ra1 Rg2+ 34. Kf1 Rxh2 35. Rd1 Rh1+ 36. Ke2 Bc4+ 37. Kd2 Rh2+ 38. Kc1 Ra2 39. Kb1 Rxa6 40. g4 Rb6 41. Rh1 a5 42. Reh3 Bg8 43. g5 a4 44. Kb2 b4 45. cxb4 cxb4 0-1

[Event "LTU-chT1 4th 0809 pre group A"]
[Site "Lithuania"]
[Date "2008.12.07"]
[Round "3.5"]
[White "Dienine, Daiva"]
[Black "Pazeriene, Diana"]
[Result "1-0"]
[WhiteElo "2032"]
[BlackElo "2055"]
[PlyCount "45"]
[EventDate "2008.11.08"]
[EventType "team-tourn"]
[EventRounds "5"]
[EventCountry "LTU"]
[SourceTitle "EXT 2024"]
[Source "ChessBase"]
[SourceDate "2023.10.10"]
[SourceVersion "1"]
[SourceVersionDate "2023.10.10"]
[SourceQuality "1"]
[WhiteTeam "Gargzdai Mintis"]
[BlackTeam "Kaunas AG"]
[WhiteTeamCountry "LTU"]
[BlackTeamCountry "LTU"]

1. c4 Nf6 2. Nc3 d5 3. cxd5 Nxd5 4. e4 Nxc3 5. bxc3 g6 6. Nf3 Bg7 7. Bc4 0-0 8. 0-0 c5 9. Rb1 Qc7 10. e5 e6 11. Qe2 b6 12. d4 Bb7 13. Ng5 Nd7 14. h4 h6 15. Nh3 Qc6 16. f3 h5 17. Nf4 Rfd8 18. d5 Qc7 19. dxe6 Nxe5 20. exf7+ Kh8 21. Ne6 Qe7 22. Bg5 Bf6 23. Qxe5 1-0

[Event "LTU-chT2 0708"]
[Site "Lithuania"]
[Date "2008.03.16"]
[Round "9.2"]
[White "Setkauskas, Vaidas"]
[Black "Pazeriene, Diana"]
[Result "1-0"]
[WhiteElo "1866"]
[BlackElo "2062"]
[PlyCount "55"]
[EventDate "2007.09.27"]
[EventType "team-tourn"]
[EventRounds "9"]
[EventCountry "LTU"]
[SourceTitle "EXT 2022"]
[Source "ChessBase"]
[SourceDate "2021.10.06"]
[SourceVersion "1"]
[SourceVersionDate "2021.10.06"]
[SourceQuality "1"]

1. e4 c6 2. d4 d5 3. f3 dxe4 4. fxe4 e5 5. Nf3 Be6 6. c3 exd4 7. cxd4 Bb4+ 8. Nc3 Nf6 9. Bd3 Qa5 10. Bd2 Qh5 11. 0-0 0-0 12. e5 Nfd7 13. Ng5 Qxd1 14. Bxh7+ Kh8 15. Raxd1 Bg4 16. Rde1 f6 17. e6 fxg5 18. exd7 Nxd7 19. Bc2 Nf6 20. Bxg5 Nd5 21. Nxd5 Bxe1 22. Nf4 Bf5 23. Bxf5 Rxf5 24. Ng6+ Kh7 25. Rxf5 Kxg6 26. Re5 Bb4 27. h4 Rf8 28. a3 1-0

[Event "LTU-chT2 0708"]
[Site "Lithuania"]
[Date "2007.11.11"]
[Round "3.21"]
[White "Mickus, Arvydas"]
[Black "Pazeriene, Diana"]
[Result "1-0"]
[WhiteElo "2207"]
[BlackElo "2062"]
[PlyCount "59"]
[EventDate "2007.09.27"]
[EventType "team-tourn"]
[EventRounds "9"]
[EventCountry "LTU"]
[SourceTitle "EXT 2022"]
[Source "ChessBase"]
[SourceDate "2021.10.06"]
[SourceVersion "1"]
[SourceVersionDate "2021.10.06"]
[SourceQuality "1"]

1. e4 c6 2. d4 d5 3. exd5 cxd5 4. c4 Nf6 5. Nc3 e6 6. Nf3 Bb4 7. Bd3 Nc6 8. 0-0 0-0 9. Bg5 Bxc3 10. bxc3 dxc4 11. Bxc4 Na5 12. Bd3 b6 13. Rc1 Bb7 14. Re1 Rc8 15. Bb1 Bxf3 16. Qxf3 Qd5 17. Qg3 Nh5 18. Qh4 g6 19. Bh6 Ng7 20. Qf6 Nh5 21. Qe7 Nc6 22. Qh4 Ng7 23. Bg5 Nf5 24. Bxf5 exf5 25. Bf6 h5 26. c4 Qd7 27. d5 Na5 28. Ba1 Qd8 29. Re7 f6 30. Bxf6 1-0